Score 0/27 Timer 10:00
0 Plays Today
Hint Answer % Correct
Bordering countrySaudi Arabia
91.7%
Bordering countryOman
83.3%
ContinentAsia
83.3%
Capital citySanaa
75%
Largest citySanaa
75%
Age of suffrage18
75%
Drives on the...right
75%
Official nameThe republic of Yemen
66.7%
Bordering oceanIndian ocean
66.7%
Largest religionIslam
66.7%
Maritime bordering countryDjibouti
58.3%
Maritime bordering countrySomalia
58.3%
Maritime bordering countryEritrea
58.3%
Population (Millions) 202032
50%
Hint Answer % Correct
Bay of...Aden
50%
Bordering SeaRed sea
50%
Bordering seaArabian sea
41.7%
Lowest pointArabian sea
41.7%
Third largest cityTaizz
16.7%
Second largest cityAl Hudaydah
8.3%
PresidentAbdrabbuh Mansur Hadi
0%
Prime ministerMaeen Abdulmalik Saeed
0%
National anthemThe national anthem of Yemen
0%
CurrencyYemeni Rial
0%
Highest pointJabal An- Shuayb
0%
National animalArabian leopard
0%
Longest riverWadi Hadhramawt
0%
Remove Ads.
Support Sporcle.
Get the best of Sporcle when you Go Orange. This ad-free experience offers more features, more stats, and more fun while also helping to support Sporcle. Thank you for becoming a member.

You're not logged in!

Compare scores with friends on all Sporcle quizzes.
OR
Log In

Sporcle TV

Today on Sporcle TV


Watch our educational content, quiz creation guides, and fun videos on Sporcle TV.

Show Comments

Extras

Top Quizzes Today


Score Distribution

Paid Content

Your Account Isn't Verified!

In order to create a playlist on Sporcle, you need to verify the email address you used during registration. Go to your Sporcle Settings to finish the process.

Report this User

Report this user for behavior that violates our Community Guidelines.

Details: